000 00301nam a22001217a 4500
008 180227b xxu||||| |||| 00| 0 eng d
041 _aeng
080 _a61
100 _a4
101 _ashm
245 _adiagnosis and improvenment of saline and alkali soils
_callison.j.e
942 _2udc
_cBK
999 _c43529
_d43529